| 000 | 00887nam a22001935i 4500 | ||
|---|---|---|---|
| 001 | 162073 | ||
| 003 | ES-MaACL | ||
| 005 | 20230906212424.0 | ||
| 008 | 000118s1863 sp |||| | spa d | ||
| 040 |
_aCCPB | B _bspa _cCCPB | B |
||
| 100 | 1 |
_aPicón, José. _991876 |
|
| 245 | 1 | 3 |
_aLa doble vista _b: zarzuela maravillosa en un acto y en verso / _cletra de José Picón ; música de Ignacio Agustín Campos. |
| 260 |
_aMadrid : _bCentro General de Administración, _c1863 ( _fCristobal Gonzalez) |
||
| 300 |
_a49 p. ; _c18 cm. |
||
| 500 | _aEn port.: Estrenada en el Teatro de la Zarzuela el 7 de octubre de 1863. | ||
| 500 | _aSolo la letra. | ||
| 700 | 1 |
_aCampos, Ignacio Agustín. _9126303 |
|
| 852 |
_aES-MaACL _jF-8632(8) _z-- Enc. pasta española _q-- Falto de la cub. original _z-- Enc. en un vol. facticio formando parte de la col. facticia "Teatro español moderno", vol. 87 |
||
| 999 |
_c162073 _d162073 |
||